000 00223nam a2200121Ia 4500
100 _a#N/A
942 _cBK
245 _aDIGITAL i MAGE PROCESSING
260 _b#N/A
082 _b21940
546 _aENGLISH
999 _c33789
_d33789